The role of magnesium in biologic processes. (Record no. 53202)
[ view plain ]
| 000 -LEADER | |
|---|---|
| fixed length control field | 00740cam8a220022900 4500 |
| 001 - CONTROL NUMBER | |
| control field | lce00565715 |
| 008 - FIXED-LENGTH DATA ELEMENTS--GENERAL INFORMATION | |
| fixed length control field | 851223s1963 ilua b 000 0 eng |
| 010 ## - LIBRARY OF CONGRESS CONTROL NUMBER | |
| LC control number | 63013423 /L/r85 |
| 035 ## - SYSTEM CONTROL NUMBER | |
| System control number | (Sirsi) r65777 |
| 035 ## - SYSTEM CONTROL NUMBER | |
| System control number | (DLC) 63013423 /L/r85 |
| 035 ## - SYSTEM CONTROL NUMBER | |
| System control number | (UPRA)lce00565715 |
| 040 ## - CATALOGING SOURCE | |
| Original cataloging agency | DLC/ICU |
| Transcribing agency | ICU |
| Modifying agency | UPRA |
| 050 0# - LIBRARY OF CONGRESS CALL NUMBER | |
| Classification number | QP535.M4 |
| Item number | A4 |
| 082 0# - DEWEY DECIMAL CLASSIFICATION NUMBER | |
| Classification number | 612.015 |
| 100 1# - MAIN ENTRY--PERSONAL NAME | |
| Personal name | Aikawa, Jerry Kazuo, 1921- |
| Dates associated with a name | Aikawa, Jerry Kazuo, 1921- |
| Linkage | A26010.1 |
| 245 14 - TITLE STATEMENT | |
| Title | The role of magnesium in biologic processes. |
| 260 ## - PUBLICATION, DISTRIBUTION, ETC. | |
| Place of publication, distribution, etc. | Springfield, IL : |
| Name of publisher, distributor, etc. | C.C. Thomas, |
| Date of publication, distribution, etc. | [1963] |
| 504 ## - BIBLIOGRAPHY, ETC. NOTE | |
| Bibliography, etc. note | Includes bibliographical references. |
| 650 #0 - SUBJECT ADDED ENTRY--TOPICAL TERM | |
| Topical term or geographic name entry element | Magnesium in the body. |
| Linkage | S18767.1 |
| 949 ## - LOCAL PROCESSING INFORMATION (OCLC) | |
| a | QP535.M4 |
| w | LC |
| i | -87906 |
| m | MEDICAL |
| t | BOOK |
| l | ON-SHELF |
No items available.